000 00660nam a22002297a 4500
003 IT-MiCISF
005 20240418125242.0
008 240418b |||||||| |||| 00| 0 eng d
022 _a0029-4845
040 _cIT-MiCISF
041 _afr
100 _aCalmeyn Marie-Laetitia
_957724
245 _aLa théologie du corps: une tradition ancienne et nouvelle pour comprendre le corps de l'humanité
250 _a"Nuovelle revue théologique", n. 1, gennaio-marzo
260 _c2024
300 _app. 52-69
310 _atrimestrale
500 _apersona, corpo, teologia, magistero
650 _aPersona
654 _aarticolo
942 _2ddc
_cCR
999 _c360047
_d360049